La mujer, incógnita del hombre / (Record no. 149518)

MARC details
000 -LEADER
campo de control de longitud fija 00632nam a2200193 i 4500
001 - NÚMERO DE CONTROL
campo de control 149518
003 - IDENTIFICADOR DE NÚMERO DE CONTROL
campo de control ES-MaACL
005 - FECHA Y HORA DE LA ÚLTIMA TRANSACCIÓN
campo de control 20230906203134.0
007 - CAMPO FIJO DE DESCRIPCIÓN FÍSICA--INFORMACIÓN GENERAL
campo de control de longitud fija t|
008 - DATOS DE LONGITUD FIJA--INFORMACIÓN GENERAL
campo de control de longitud fija 071023s1957 sp ||||1| spa d
100 1# - ENTRADA PRINCIPAL--NOMBRE DE PERSONA
Nombre de persona Varenne.
9 (RLIN) 113179
245 13 - MENCIÓN DEL TÍTULO
Título La mujer, incógnita del hombre /
Mención de responsabilidad, etc. Dr. Varenne, Gabrielle Salzi ; versión española de Rafael Thomas Mendaza.
260 ## - PUBLICACIÓN, DISTRIBUCIÓN, ETC.
Lugar de publicación, distribución, etc. Madrid :
Nombre del editor, distribuidor, etc. Cultura Clásica y Moderna,
Fecha de publicación, distribución, etc. 1957.
300 ## - DESCRIPCIÓN FÍSICA
Extensión 193 p. ;
Dimensiones 20 cm.
650 04 - PUNTO DE ACCESO ADICIONAL DE MATERIA--TÉRMINO DE MATERIA
Término de materia o nombre geográfico como elemento de entrada Mujeres-
Subdivisión general Psicología.
9 (RLIN) 15309
700 1# - ENTRADA AGREGADA--NOMBRE PERSONAL
Nombre de persona Salzi, Gabrielle.
9 (RLIN) 102145
700 1# - ENTRADA AGREGADA--NOMBRE PERSONAL
Nombre de persona Thomas Mendaza, Rafael.
9 (RLIN) 110054
852 ## - LOCALIZACIÓN
Ubicación ES-MaACL
Número de control de estantería C-13722
Sublocalización o colección R.41490
Holdings
Estatus retirado Estado de pérdida Estado de daño No para préstamo Biblioteca de origen Biblioteca actual Ubicación en estantería Fecha de adquisición Fuente de adquisición Total de préstamos Signatura topográfica completa Código de barras Visto por última vez Precio de reemplazo Tipo de ítem Koha
        Biblioteca del Ateneo de Madrid Biblioteca del Ateneo de Madrid Sala Palomar 17/01/2008     C-13722 1156027 23/02/2023 23/02/2023 Libro impreso